000 00205nam a2200085Ia 4500
008 250605s9999 xx 000 0 und d
041 _aeng
100 _aSanchit Jain
245 _aSuryoday Small Finance Bank Ltd
999 _c44608
_d44608